| 000 | 00769nam a2200253 i 4500 | ||
|---|---|---|---|
| 001 | bg | ||
| 100 | 1 | _aPawlicz, Adam. | |
| 245 | 1 | 0 |
_aPromocja produktu turystycznego : _bturystyka miejska / _cAdam Pawlicz. |
| 260 |
_aWarszawa : _bCentrum Doradztwa i Informacji Difin, _c2008. |
||
| 300 |
_a142 s. : _brys. ; _c23 cm. |
||
| 504 | _aBibliogr. s. 134-138. | ||
| 650 | 9 |
_aMiasta _xpromocja |
|
| 650 | 9 | _aPromocja handlowa | |
| 650 | 9 |
_aTurystyka _xmarketing |
|
| 020 | _a9788372518637 | ||
| 040 | _cBPK | ||
| 041 | 0 | _apol | |
| 044 | _aPOL | ||
| 080 | _a338.48(1-21):339.138 | ||
| 920 | _a978-83-7251-863-7 | ||
| 942 | _cKS | ||
| 008 | s pl f |000 0 pol | ||
| 999 |
_c54957 _d54957 |
||
| 856 |
_uhttp://koha.tu.koszalin.pl/cgi-bin/koha/opac-detail.pl?biblionumber=54957 _yKatalog online BPK |
||